Nejlepší motivace? Když vás práca těší!
Jeden z najdôležitejších nástrojov stabilizácie a motivácie - rozvoj zamestnancov. Ako stabilizovať kľúčových pracovníkov. Úloha práce ľudských zdrojov v motivácii ľudí. Skúsenosti práce Oddelenia ľudských zdrojov T-mobile v Česku.
Guardado en:
| Autor principal: | |
|---|---|
| Formato: | Capítulo de libro |
| Lenguaje: | checo |
| Materias: | |
| Etiquetas: |
Sin Etiquetas, Sea el primero en etiquetar este registro!
|
MARC
| LEADER | 00000naa a2200000 4500 | ||
|---|---|---|---|
| 001 | 0126113 | ||
| 005 | 20231019115646.0 | ||
| 041 | 0 | |a cze | |
| 044 | |a CZ | ||
| 245 | 1 | 0 | |a Nejlepší motivace? Když vás práca těší! |c Hana Stalmachová |
| 520 | |a Jeden z najdôležitejších nástrojov stabilizácie a motivácie - rozvoj zamestnancov. Ako stabilizovať kľúčových pracovníkov. Úloha práce ľudských zdrojov v motivácii ľudí. Skúsenosti práce Oddelenia ľudských zdrojov T-mobile v Česku. | ||
| 610 | 2 | 0 | |a riadenie ľudských zdrojov |
| 610 | 2 | 0 | |a zamestnanci |
| 610 | 2 | 0 | |a talenty |
| 610 | 2 | 0 | |a stabilizácia pracovníkov |
| 610 | 2 | 0 | |a motivácia pracovná |
| 610 | 2 | 0 | |a rozvoj pracovníkov |
| 100 | 1 | |a Stalmachová, Hana | |